000 00854nam a2200241 a 4500
001 39973
003 BD-RjUL
005 20211209053116.0
008 160420s1981 bg |||| |||| 00| 0 ben d
020 _c: Tk. 55.00
035 _a(BD-RjUL)40087
040 _aBD-RjUL
_bben
_cBD-RjUL
041 _aben
082 _223
_a297.09
_bHAI 1981
100 _aহাসান, সৈয়দ মাহামুদুল
_9123116
245 1 0 _aইসলামের ইতিহাস /
_cসৈয়দ মাহমুদুল হাসান
250 _a৫ম সং.
260 _aঢাকা :
_bগ্লোব (প্রা :) লিমিটেড,
_c১৯৮১
300 _a[১৬] ৬৭১ পৃ. ;
_c২৫ সেমি.
650 _aইসলাম
_xইতিহাস
_9123117
650 _aIslam
_xHistory
_9123118
942 _2ddc
_cBK
999 _c39973
_d39973